[Event "Mistrovstvi CR senioru nad 60 let"]
[Site "Rychnov nad Kneznou"]
[Date "2015.08.22"]
[Round "8.10"]
[White "Pribyl, Jaroslav"]
[Black "Lexa, Vaclav"]
[Result "1/2-1/2"]
[WhiteElo "2022"]
[BlackElo "1880"]
[PlyCount "98"]
[EventDate "2015.08.15"]

1. d4 d5 2. c4 e6 3. Nc3 Nf6 4. Nf3 c6 5. Bg5 Be7 6. e3 Nbd7 7. Bd3 dxc4 8.
Bxc4 Nd5 9. Bxe7 Qxe7 10. O-O Nxc3 11. bxc3 e5 12. dxe5 Nxe5 13. Nxe5 Qxe5 14.
Qd4 Qf6 15. Qxf6 gxf6 16. Rfd1 Be6 17. Bb3 Ke7 18. Rd4 Rad8 19. Kf1 b5 20. Bxe6
fxe6 21. a4 a6 22. axb5 Rxd4 23. exd4 axb5 24. Ra7+ Kd6 25. Ke2 e5 26. Kd3 exd4
27. Kxd4 Rg8 28. g3 Rg5 29. Rxh7 Rd5+ 30. Ke3 Kc5 31. Rh4 Rd1 32. Rf4 f5 33.
Ke2 Rd5 34. h4 Kd6 35. h5 Ke6 36. h6 Rd7 37. Rh4 Rh7 38. Ke3 c5 39. Rh1 Ke5 40.
f3 Kf6 41. Kf4 b4 42. cxb4 cxb4 43. g4 fxg4 44. fxg4 Kg6 45. g5 b3 46. Rc1 b2
47. Rc6+ Kh5 48. Rb6 Rf7+ 49. Ke3 Kxg5 1/2-1/2

[Event "Mistrovstvi CR senioru nad 60 let"]
[Site "Rychnov nad Kneznou"]
[Date "2015.08.22"]
[Round "8.11"]
[White "Hlavac, Frantisek"]
[Black "Franc, Lubor"]
[Result "1/2-1/2"]
[WhiteElo "2010"]
[BlackElo "1841"]
[PlyCount "51"]
[EventDate "2015.08.15"]

1. e4 c6 2. d4 d5 3. exd5 cxd5 4. c3 Nf6 5. Bf4 Nc6 6. Nf3 Qb6 7. Qb3 Bg4 8.
Ne5 Nxe5 9. Bxe5 Qxb3 10. axb3 Bd7 11. Bd3 e6 12. O-O Be7 13. Na3 O-O 14. Nc2
a6 15. Ne3 Bc6 16. h3 Rad8 17. Rae1 Nd7 18. Bh2 Rfe8 19. f4 g6 20. Ng4 f5 21.
Ne5 Nxe5 22. Rxe5 Bf6 23. Re2 Kf7 24. Ra1 Ra8 25. Ra2 Bb5 26. Re3 1/2-1/2

[Event "Mistrovstvi CR senioru nad 60 let"]
[Site "Rychnov nad Kneznou"]
[Date "2015.08.22"]
[Round "8.12"]
[White "Zboril, Jaroslav"]
[Black "Truksa, Vaclav"]
[Result "1/2-1/2"]
[WhiteElo "1998"]
[BlackElo "1857"]
[PlyCount "89"]
[EventDate "2015.08.15"]

1. Nf3 Nf6 2. d4 g6 3. Bf4 Bg7 4. e3 O-O 5. h3 d5 6. Nbd2 Nbd7 7. Be2 Re8 8.
Ne5 Nxe5 9. Bxe5 Nd7 10. Bxg7 Kxg7 11. Nf3 e5 12. dxe5 Nxe5 13. Qd4 f6 14.
O-O-O c6 15. g4 Nf7 16. g5 Bf5 17. h4 Re4 18. Qc3 Bg4 19. Nd4 Bxe2 20. Nxe2 Qd6
21. Ng3 Rg4 22. e4 Rd8 23. exd5 cxd5 24. Rd4 Rxd4 25. Qxd4 Qc6 26. Re1 Rc8 27.
c3 Rd8 28. Re7 a6 29. Qxf6+ Qxf6 30. gxf6+ Kxf6 31. Rxb7 h5 32. a4 Rd6 33. b4
Ne5 34. Kc2 Nf3 35. Kd3 Nxh4 36. Kd4 Nf5+ 37. Kc5 Rd8 38. Nxf5 Kxf5 39. Rh7 Kg4
40. b5 axb5 41. axb5 Rc8+ 42. Kxd5 Rxc3 43. b6 h4 44. b7 Rb3 45. Ke4 1/2-1/2

[Event "Mistrovstvi CR senioru nad 60 let"]
[Site "Rychnov nad Kneznou"]
[Date "2015.08.22"]
[Round "8.13"]
[White "Briza, Jiri"]
[Black "Oburka, Vladislav"]
[Result "0-1"]
[WhiteElo "1947"]
[BlackElo "1874"]
[PlyCount "124"]
[EventDate "2015.08.15"]

1. b3 Nf6 2. Bb2 e6 3. e3 Be7 4. f4 d5 5. Nf3 a6 6. Be2 c5 7. Ne5 Nbd7 8. O-O
Qb6 9. Qe1 d4 10. Nc4 Qa7 11. Bf3 Rb8 12. a4 Nb6 13. Nba3 Bd7 14. Ne5 Nbd5 15.
Nxd7 Kxd7 16. Nc4 Rhd8 17. Bxd5 Nxd5 18. Ne5+ Ke8 19. exd4 cxd4 20. Kh1 Qb6 21.
Nc4 Qc5 22. a5 Nb4 23. Ba3 Qf5 24. Bxb4 Bxb4 25. Qe5 Qxe5 26. fxe5 Ke7 27. d3
Rd5 28. Ra4 Rb5 29. g4 h6 30. Kg2 f6 31. exf6+ gxf6 32. Kf3 Rd8 33. Ke2 Rdd5
34. Rf4 e5 35. Rf5 Kf7 36. h4 Kg6 37. Ra1 Bxa5 38. Nxa5 Rxa5 39. Rxa5 Rxa5 40.
Rf1 Rc5 41. Kd2 Rc6 42. Rf2 h5 43. Rg2 hxg4 44. Rxg4+ Kh5 45. Rg7 Kxh4 46. Rxb7
Kg4 47. Rg7+ Kf4 48. Rh7 f5 49. Rh4+ Kg3 50. Rh5 Kg4 51. Rh8 Rg6 52. c3 dxc3+
53. Kxc3 f4 54. Rh1 Kf3 55. Re1 Rg5 56. Ra1 Rg6 57. Re1 Kg2 58. Re2+ Kg3 59.
Rxe5 f3 60. d4 f2 61. Rf5 Kg2 62. d5 Rg4 0-1

[Event "Mistrovstvi CR senioru nad 60 let"]
[Site "Rychnov nad Kneznou"]
[Date "2015.08.22"]
[Round "8.14"]
[White "Sibl, Vaclav"]
[Black "Pittermann, Jan"]
[Result "1-0"]
[WhiteElo "1936"]
[BlackElo "1832"]
[PlyCount "49"]
[EventDate "2015.08.15"]

1. e4 c5 2. f4 d6 3. Nf3 Nc6 4. Bb5 a6 5. Bxc6+ bxc6 6. d3 e6 7. O-O g6 8. Nc3
Bg7 9. Qe1 Ne7 10. Rb1 O-O 11. Bd2 a5 12. Na4 Bd7 13. b3 Re8 14. Kh1 Nc8 15. e5
Qe7 16. Bxa5 d5 17. Bd2 Ra6 18. Qf2 c4 19. dxc4 dxc4 20. Qc5 Qxc5 21. Nxc5 Ra7
22. a4 Bf8 23. Be3 Ne7 24. Ne4 Raa8 25. Nf6+ 1-0

[Event "Mistrovstvi CR senioru nad 60 let"]
[Site "Rychnov nad Kneznou"]
[Date "2015.08.22"]
[Round "8.15"]
[White "Pavlis, Jaromir"]
[Black "Majerik, Vladimir"]
[Result "1/2-1/2"]
[WhiteElo "1923"]
[BlackElo "1837"]
[PlyCount "28"]
[EventDate "2015.08.15"]

1. d4 d5 2. Nf3 Nf6 3. Bf4 c6 4. c3 Bf5 5. e3 e6 6. Qb3 Qb6 7. Nbd2 Nbd7 8. Ne5
Nxe5 9. Bxe5 Be7 10. Be2 O-O 11. O-O Ne4 12. Nxe4 Bxe4 13. h3 Qxb3 14. axb3 a6
1/2-1/2

[Event "Mistrovstvi CR senioru nad 60 let"]
[Site "Rychnov nad Kneznou"]
[Date "2015.08.22"]
[Round "8.16"]
[White "Tsapanidis, Vasilis"]
[Black "Rucka, Alois"]
[Result "1-0"]
[WhiteElo "1816"]
[BlackElo "1923"]
[PlyCount "107"]
[EventDate "2015.08.15"]

1. c4 e5 2. Nc3 d6 3. h3 f5 4. e4 Nf6 5. d3 Be7 6. Be2 O-O 7. Nf3 c6 8. Qb3 Na6
9. Be3 f4 10. Bd2 Nc5 11. Qc2 Ne6 12. Qb3 Kh8 13. Nd1 Qc7 14. Rc1 Bd7 15. Qa3
Qd8 16. Bb4 c5 17. Bd2 Qe8 18. b4 Qg6 19. Rg1 Nd4 20. Nxd4 cxd4 21. Kf1 Qf7 22.
Be1 g5 23. f3 Rg8 24. Nf2 h5 25. b5 d5 26. Bb4 Bxb4 27. Qxb4 dxc4 28. dxc4 Be6
29. Nd3 Qc7 30. Qc5 Qxc5 31. Nxc5 Bc8 32. Nd3 Re8 33. Kf2 a6 34. a4 axb5 35.
axb5 Ra2 36. Ra1 Rc2 37. Rgc1 Rxc1 38. Rxc1 g4 39. hxg4 hxg4 40. c5 Kg7 41. Ra1
g3+ 42. Kg1 Nd7 43. c6 bxc6 44. bxc6 Nf8 45. Ra8 Kf6 46. Nc5 Ne6 47. Nxe6 Kxe6
48. Ba6 Kd6 49. Rxc8 Rxc8 50. Bxc8 d3 51. Kf1 Kxc6 52. Ke1 Kc5 53. Kd2 Kd4 54.
Ba6 1-0

[Event "Mistrovstvi CR senioru nad 60 let"]
[Site "Rychnov nad Kneznou"]
[Date "2015.08.22"]
[Round "8.17"]
[White "Sedlacek, Jan"]
[Black "Pokorny, Jan"]
[Result "1/2-1/2"]
[WhiteElo "1909"]
[BlackElo "1803"]
[EventDate "2015.08.15"]

1. e4 d6 2. d4 Nf6 3. Nc3 g6 4. f4 Bg7 5. Nf3 c6 6. h3 O-O 7. Bd3 Na6 8. Be3 b5
9. O-O Nc7 10. a4 b4 11. Ne2 a5 12. Ng3 Ba6 13. c4 bxc3 14. bxc3 Nd7 15. Rb1 c5
16. Qd2 Bxd3 17. Qxd3 Rb8 18. dxc5 Nxc5 19. Qc4 Qd7 20. Bxc5 Rxb1 21. Rxb1 dxc5
22. Qxc5 Qd3 23. Rb7 Ne6 24. Qxa5 Nxf4 25. Qb5 Qxc3 26. Kh2 Qc2 27. Ne1 Qd1 28.
Qf1 Be5 29. Nf3 Qd6 30. Qb5 Bc3 31. Rd7 Qb4 32. Qxb4 Bxb4 33. Rd4 Ba5 34. e5
Ne6 35. Rd5 Ra8 36. Nd4 Nxd4 37. Rxd4 Bc7 38. Re4 Ra5 39. Ne2 Bxe5+ 40. Kg1 f5
41. Rc4 Kf7 42. Nc1 Rd5 43. Nb3 Bg3 44. Kf1 Re5 45. Rc1 Re6 46. Rb1 Re4 47. Ra1
Be5 48. Ra2 Rb4 49. Nc5 Rb1+ 50. Ke2 Rb2+ 51. Rxb2 Bxb2 52. Kd3 Be5 53. a5 Bb8
54. Nd7 Ba7 55. Ne5+ Ke6 56. Nc6 Bc5 57. a6 Kd6 58. a7 Bxa7 59. Nxa7 Kc5 60.
Nc8 e5 61. Ke3 Kd5 62. Nb6+ Ke6 63. Kd3 g5 64. g4 fxg4 65. hxg4 h5 66. gxh5 Kf5
67. Nd7 g4 1/2-1/2

[Event "Mistrovstvi CR senioru nad 60 let"]
[Site "Rychnov nad Kneznou"]
[Date "2015.08.22"]
[Round "8.18"]
[White "Miciak, Emanuel"]
[Black "Laska, Zdenek"]
[Result "1/2-1/2"]
[WhiteElo "1889"]
[BlackElo "1797"]
[PlyCount "24"]
[EventDate "2015.08.15"]

1. c4 Nf6 2. Nc3 d5 3. d4 g6 4. e3 Bg7 5. Nf3 O-O 6. Be2 c5 7. dxc5 Qa5 8. O-O
dxc4 9. Bxc4 Qxc5 10. Qe2 Nc6 11. Rd1 Bg4 12. Bd2 a6 1/2-1/2

[Event "Mistrovstvi CR senioru nad 60 let"]
[Site "Rychnov nad Kneznou"]
[Date "2015.08.22"]
[Round "8.20"]
[White "Sobotnik, Petr"]
[Black "Palla, Rostislav"]
[Result "1-0"]
[WhiteElo "1984"]
[BlackElo "1790"]
[PlyCount "87"]
[EventDate "2015.08.15"]

1. c4 e6 2. d4 d5 3. Nc3 Nf6 4. Bf4 Bd6 5. Bg3 Bxg3 6. hxg3 g6 7. e3 dxc4 8.
Bxc4 b5 9. Bd3 Bb7 10. Nf3 Nbd7 11. Rc1 c5 12. O-O Rc8 13. Re1 O-O 14. Bb1 Ng4
15. Ne4 Qe7 16. dxc5 Nxc5 17. Qd6 Qd7 18. Rxc5 Qxd6 19. Nxd6 Rxc5 20. Nxb7 Rc7
21. Na5 Rfc8 22. Kf1 Rc1 23. Nb3 Rxe1+ 24. Kxe1 a5 25. Bd3 a4 26. Nbd4 b4 27.
Nc2 a3 28. b3 Rb8 29. Ke2 Kf8 30. Nfd4 Ne5 31. f4 Nxd3 32. Kxd3 Rc8 33. Kd2 Rc5
34. Nxb4 Rh5 35. Nd3 Ke7 36. g4 Rd5 37. Kc3 f6 38. e4 Rd7 39. Nxe6 Rxd3+ 40.
Kxd3 Kxe6 41. Kd4 Kd6 42. e5+ fxe5+ 43. fxe5+ Ke6 44. b4 1-0

[Event "Mistrovstvi CR senioru nad 60 let"]
[Site "Rychnov nad Kneznou"]
[Date "2015.08.22"]
[Round "8.21"]
[White "Innemann, Frantisek"]
[Black "Bainhofner, Jiri"]
[Result "1-0"]
[WhiteElo "1877"]
[BlackElo "1761"]
[PlyCount "89"]
[EventDate "2015.08.15"]

1. e4 e5 2. Nf3 Nc6 3. Bb5 a6 4. Ba4 Nf6 5. O-O Be7 6. Re1 b5 7. Bb3 O-O 8. Nc3
d6 9. h3 Na5 10. d3 h6 11. Be3 c6 12. Qd2 Nh7 13. Nh2 Nxb3 14. axb3 f5 15. f4
fxe4 16. dxe4 exf4 17. Bxf4 Bg5 18. Bxg5 Qxg5 19. Qxg5 Nxg5 20. Rad1 Rf6 21. e5
dxe5 22. Rd8+ Rf8 23. Rxf8+ Kxf8 24. Rxe5 Kf7 25. Kf2 Bd7 26. Nf3 Nxf3 27. Kxf3
Be6 28. Ke3 Rd8 29. b4 g6 30. Rc5 Rc8 31. Ne4 Rc7 32. Nc3 Kf6 33. h4 h5 34. b3
Bf5 35. Nd5+ cxd5 36. Rxc7 Ke5 37. Rc5 Kd6 38. g3 Be6 39. Kd4 Bf5 40. c4 dxc4
41. bxc4 bxc4 42. Rxc4 Bd7 43. Rc5 Bc6 44. Ke3 a5 45. Rxa5 1-0

[Event "Mistrovstvi CR senioru nad 60 let"]
[Site "Rychnov nad Kneznou"]
[Date "2015.08.22"]
[Round "8.22"]
[White "Lacha, Jan"]
[Black "Pospisil, Petr"]
[Result "1/2-1/2"]
[WhiteElo "1840"]
[BlackElo "1717"]
[PlyCount "24"]
[EventDate "2015.08.15"]

1. e4 c5 2. Nc3 Nf6 3. g3 e6 4. Bg2 Nc6 5. d3 a6 6. Nge2 Be7 7. O-O O-O 8. h3
Qc7 9. Be3 b6 10. f4 d6 11. g4 Bb7 12. Ng3 g6 1/2-1/2

[Event "Mistrovstvi CR senioru nad 60 let"]
[Site "Rychnov nad Kneznou"]
[Date "2015.08.22"]
[Round "8.23"]
[White "Mares, Ilja"]
[Black "Vesely, Emanuel"]
[Result "1/2-1/2"]
[WhiteElo "1787"]
[BlackElo "1813"]
[PlyCount "47"]
[EventDate "2015.08.15"]

1. Nf3 Nf6 2. c4 e6 3. Nc3 b6 4. d4 Bb4 5. Bg5 h6 6. Bh4 g5 7. Bg3 Ne4 8. Qc2
Bb7 9. e3 Bxc3+ 10. bxc3 d6 11. Bd3 f5 12. O-O Nd7 13. Nd2 Nxd2 14. Qxd2 Nf6
15. f3 Qe7 16. d5 Nd7 17. Rae1 O-O-O 18. f4 Nc5 19. e4 fxe4 20. Bxe4 gxf4 21.
Bxf4 e5 22. Bf5+ Kb8 23. Bh3 Qh4 24. Be3 1/2-1/2

[Event "Mistrovstvi CR senioru nad 60 let"]
[Site "Rychnov nad Kneznou"]
[Date "2015.08.22"]
[Round "8.24"]
[White "Brhlik, Antonin"]
[Black "Vlachopulos, Elefteris"]
[Result "1-0"]
[WhiteElo "1725"]
[BlackElo "1798"]
[PlyCount "49"]
[EventDate "2015.08.15"]

1. e4 c5 2. Nf3 g6 3. d4 Bg7 4. Nc3 cxd4 5. Nxd4 Nc6 6. Be3 d6 7. Qd2 Nf6 8. f3
a6 9. Bc4 O-O 10. h4 h5 11. g4 hxg4 12. h5 Nxh5 13. Nxc6 bxc6 14. Bh6 gxf3 15.
Rxh5 Qb6 16. O-O-O Bf6 17. Be3 Qb4 18. Bd4 Rb8 19. b3 Bg4 20. Rhh1 Bh5 21. Rxh5
gxh5 22. Bxf6 exf6 23. Qh6 f2 24. Qg6+ Kh8 25. Qxh5+ 1-0

[Event "Mistrovstvi CR senioru nad 60 let"]
[Site "Rychnov nad Kneznou"]
[Date "2015.08.22"]
[Round "8.25"]
[White "Nedelcev, Radim"]
[Black "Bartosek, Ivan"]
[Result "0-1"]
[WhiteElo "1590"]
[BlackElo "1812"]
[PlyCount "99"]
[EventDate "2015.08.15"]

1. e4 e5 2. Nf3 Nc6 3. c3 Nf6 4. Qa4 a6 5. Bd3 d5 6. Nxe5 Bd7 7. Nxd7 Qxd7 8.
O-O b5 9. Qc2 Ne5 10. Re1 Nxd3 11. Qxd3 dxe4 12. Rxe4+ Be7 13. Qxd7+ Kxd7 14.
Re2 c5 15. d3 Rhe8 16. Be3 Nd5 17. Nd2 Bg5 18. Ne4 Bxe3 19. fxe3 Kc6 20. Rae1
Ra7 21. Ng3 Rae7 22. e4 Nf4 23. Re3 Rd7 24. d4 cxd4 25. cxd4 Rxd4 26. Nf5 Rd2
27. Rg3 g6 28. Rc3+ Kb6 29. Ng3 Rxg2+ 30. Kh1 Rxb2 31. a3 Rd8 32. Rf3 g5 33. h4
h6 34. Nf1 f6 35. e5 fxe5 36. Rxe5 Ka5 37. Ree3 Ng2 38. Re6 Nxh4 39. Rff6 Ka4
40. Rxa6+ Kb3 41. Rfb6 Ka2 42. Ra5 Rd1 43. Rf6 Ng2 44. a4 bxa4 45. Rxa4+ Kb1
46. Re4 Nf4 47. Rexf4 gxf4 48. Rxf4 Rb6 49. Kg2 Rg6+ 50. Kf2 0-1

[Event "Mistrovstvi CR senioru nad 70 let a nad 80 let"]
[Site "Rychnov nad Kneznou"]
[Date "2015.08.22"]
[Round "8.1"]
[White "Pecka, Frantisek"]
[Black "Bohuslav, Jan"]
[Result "0-1"]
[WhiteElo "2069"]
[BlackElo "1961"]
[EventDate "2015.08.15"]

1. e4  d6  2. d4  g6
3. f4  Bg7  4. Nf3
c5  5. c3  Qb6
6. Qd3  Bd7  7. Na3  cxd4 8. Nc4
Qc7  9. cxd4  b5  10. Ne3
e6  11. Bd2  Qb6
12. e5  d5  13. Be2
a5  14. O-O  h5
15. h3  Ne7  16. b4  a4
17. g4  Na6  18. Rac1
hxg4  19. hxg4  Rb8
20. Kg2  Bc6  21. f5
gxf5  22. gxf5  exf5 23. Nxf5
Nxf5  24. Qxf5  Bd7
25. Qd3  Bh3+  26. Kf2
Bxf1  27. Rxf1  Bh6
28. Ke1  Bxd2+  29. Qxd2
Rb7  30. a3  Nc7
31. Ng5  Ne6  32. Rf6
Rh1+  33. Bf1  Re7
34. Qg2  Qxd4  35. Rxe6
Rxf1+  36. Qxf1  Qa1+
0-1

[Event "Mistrovstvi CR senioru nad 70 let a nad 80 let"]
[Site "Rychnov nad Kneznou"]
[Date "2015.08.22"]
[Round "8.3"]
[White "Chmelik, Jiri"]
[Black "Pojedziniec, Wladyslaw"]
[Result "1/2-1/2"]
[WhiteElo "1981"]
[BlackElo "2048"]
[EventDate "2015.08.15"]

1. d4  d5  2. Nf3  Nf6
3. c4  c6  4. Nc3
dxc4  5. a4  Bf5
6. e3  e6  7. Bxc4
Bb4  8. O-O  O-O
9. Nh4  Bg4  10. f3
Bh5  1/2-1/2

[Event "Mistrovstvi CR senioru nad 70 let a nad "]
[Site "Rychnov nad Kneznou"]
[Date "2015.08.22"]
[Round "8.4"]
[White "Vitek, Vaclav"]
[Black "Skokan, Zdenek"]
[Result "1/2-1/2"]
[WhiteElo "2038"]
[BlackElo "1995"]
[PlyCount "22"]
[EventDate "2015.08.15"]

1. e4 e6 2. d4 d5 3. exd5 exd5 4. Bd3 Bd6 5. Nf3 Nf6 6. O-O O-O 7. Bg5 Bg4 8.
c3 Nbd7 9. Re1 c6 10. Nbd2 Qc7 11. Qc2 Rfe8 1/2-1/2

[Event "Mistrovstvi CR senioru nad 70 let a nad "]
[Site "Rychnov nad Kneznou"]
[Date "2015.08.22"]
[Round "8.5"]
[White "Most, Zdenek"]
[Black "Pavlicek, Petr"]
[Result "1/2-1/2"]
[WhiteElo "2033"]
[BlackElo "1931"]
[PlyCount "49"]
[EventDate "2015.08.15"]

1. d4 Nf6 2. Nf3 g6 3. g3 Bg7 4. Bg2 O-O 5. c4 d5 6. O-O Nc6 7. cxd5 Nxd5 8.
Nc3 Nb6 9. e3 Re8 10. b3 e5 11. dxe5 Nxe5 12. Nxe5 Bxe5 13. Bb2 c6 14. Qe2 Be6
15. Ne4 Bd5 16. Bxe5 Rxe5 17. Rfd1 Qe7 18. Nc3 Bxg2 19. Kxg2 Rd8 20. Rxd8+ Qxd8
21. Rd1 Qe7 22. Rd3 Nd5 23. Nxd5 Rxd5 24. Rxd5 Qe4+ 25. f3 1/2-1/2

[Event "Mistrovstvi CR senioru nad 70 let a nad "]
[Site "Rychnov nad Kneznou"]
[Date "2015.08.22"]
[Round "8.7"]
[White "Biza, Miroslav"]
[Black "Volf, Jaroslav"]
[Result "0-1"]
[WhiteElo "1783"]
[BlackElo "2045"]
[PlyCount "32"]
[EventDate "2015.08.15"]

1. d4 Nf6 2. Nf3 g6 3. Nc3 d5 4. Bf4 c6 5. Qd2 h6 6. O-O-O Bg7 7. Ne5 Ng4 8. e4
Nxe5 9. dxe5 e6 10. h4 Nd7 11. Kb1 Nxe5 12. Qd4 Qf6 13. exd5 cxd5 14. Re1 Nd7
15. Qd2 a6 16. Nxd5 Qxb2# 0-1

[Event "Mistrovstvi CR senioru nad 70 let a nad "]
[Site "Rychnov nad Kneznou"]
[Date "2015.08.22"]
[Round "8.8"]
[White "Vlasak, Ladislav"]
[Black "Zikmund, Jaroslav"]
[Result "1/2-1/2"]
[WhiteElo "1771"]
[BlackElo "1830"]
[PlyCount "72"]
[EventDate "2015.08.15"]

1. e4 c5 2. c3 d6 3. d4 cxd4 4. cxd4 Nf6 5. Nc3 g6 6. Be3 Bg7 7. h3 O-O 8. Qd2
Nc6 9. Bb5 a6 10. Bxc6 bxc6 11. Bh6 Bxh6 12. Qxh6 Rb8 13. Qd2 Qa5 14. Nge2 e5
15. O-O Be6 16. Rfc1 Bc4 17. Qc2 Rfc8 18. b3 Bxe2 19. Nxe2 exd4 20. Nxd4 c5 21.
Ne2 Qb6 22. Qc4 Qc6 23. Nc3 Rb4 24. Qd3 Rd4 25. Qf3 Nxe4 26. Ne2 Rb4 27. a3
Rbb8 28. Rd1 d5 29. Rac1 Qe6 30. Nf4 Ng5 31. Qxd5 Qxd5 32. Rxd5 Ne4 33. f3 Nf6
34. Rdxc5 Rxc5 35. Rxc5 Rxb3 36. Ra5 Rb6 1/2-1/2

[Event "Mistrovstvi CR senioru nad 70 let a nad "]
[Site "Rychnov nad Kneznou"]
[Date "2015.08.22"]
[Round "8.9"]
[White "Tomandl, Vladimir"]
[Black "Haderka, Karel"]
[Result "0-1"]
[WhiteElo "1861"]
[BlackElo "1820"]
[PlyCount "72"]
[EventDate "2015.08.15"]

1. e4 e5 2. Nc3 Nf6 3. f4 d6 4. Bc4 Nc6 5. Nf3 Bg4 6. h3 Bxf3 7. Qxf3 Be7 8.
O-O Nd4 9. Qd1 O-O 10. d3 c6 11. Ne2 d5 12. fxe5 Nxe2+ 13. Qxe2 dxc4 14. exf6
cxd3 15. Qxd3 Bxf6 16. Qf3 Qe7 17. c3 Rfe8 18. Re1 Rad8 19. Bf4 Be5 20. Rad1 h6
21. Rxd8 Rxd8 22. Qg3 Qc5+ 23. Kh2 Re8 24. Rd1 Bxf4 25. Qxf4 Qe7 26. a3 c5 27.
Rd5 b6 28. e5 b5 29. b3 a5 30. Qe3 Rc8 31. g4 b4 32. axb4 cxb4 33. c4 a4 34.
Rb5 a3 35. Ra5 f6 36. e6 Qc7+ 0-1

[Event "Mistrovstvi CR senioru nad 70 let a nad "]
[Site "Rychnov nad Kneznou"]
[Date "2015.08.22"]
[Round "8.10"]
[White "Mutina, Antonin"]
[Black "Abraham, Karel"]
[Result "1-0"]
[WhiteElo "1847"]
[BlackElo "1776"]
[PlyCount "62"]
[EventDate "2015.08.15"]

1. d4 Nf6 2. Bg5 e6 3. e4 Be7 4. Bd3 b6 5. c4 d6 6. Nc3 c5 7. Nf3 h6 8. Bh4
cxd4 9. Nxd4 Bb7 10. O-O O-O 11. Qe2 Nfd7 12. Bg3 Nc6 13. Bc2 a6 14. Rfd1 Bh4
15. Bxh4 Qxh4 16. b4 Nd8 17. Nf3 Qe7 18. Qd3 Ne5 19. Nxe5 dxe5 20. Qd6 Qxd6 21.
Rxd6 Nc6 22. Bb3 Rad8 23. Rad1 Rxd6 24. Rxd6 Rd8 25. Rxd8+ Nxd8 26. Na4 b5 27.
cxb5 axb5 28. Nc5 Ba8 29. a4 Nc6 30. axb5 Nxb4 31. b6 Bc6 1-0

[Event "Mistrovstvi CR senioru nad 50 let"]
[Site "Rychnov nad Kneznou"]
[Date "2015.08.23"]
[Round "9.1"]
[White "Masek, Jan"]
[Black "Urban, Zdenek"]
[Result "1/2-1/2"]
[WhiteElo "1963"]
[BlackElo "2128"]
[EventDate "2015.08.15"]

1. e4  d6  2. d4  Nf6
3. Nc3  e5  4. dxe5
dxe5  5. Qxd8+  Kxd8
6. Bc4  Be6  7. Bxe6
fxe6  8. Nf3  Bd6
9. O-O  a6  10. Be3
Ke7  11. h3  b5
12. a3  Nc6  13. Rad1  Rhd8
14. g4  h6  15. Kg2
g5  16. Ne1  Rg8
17. f3  Na5  18. Nd3
Nd7  19. Rh1  Nc4
1/2-1/2

[Event "Mistrovstvi CR senioru nad 50 let"]
[Site "Rychnov nad Kneznou"]
[Date "2015.08.23"]
[Round "9.2"]
[White "Marinov, Peter"]
[Black "Kozak, Milos"]
[Result "1/2-1/2"]
[WhiteElo "1776"]
[BlackElo "2160"]
[EventDate "2015.08.15"]

1. d4  Nf6  2. e3  g6
3. Bd3  Bg7  4. c3
d6  5. f4  O-O
6. Nf3  c5  7. O-O  Nc6
8. Nbd2  e5  9. Ng5
exd4  10. exd4  cxd4
11. Nde4  Nxe4  12. Bxe4
d5  13. Bd3  dxc3
14. bxc3  Bxc3  15. Rb1
Bf6  16. h4  h6
17. f5  hxg5  18. fxg6  fxg6
19. Bxg6  Bd4+  20. Kh1
Rxf1+  21. Qxf1  Qf6
22. Qd3  Kg7  23. h5
g4  24. h6+  Kh8
25. g3  Qf3+  26. Qxf3
gxf3  27. Bf4  Be5
28. Bg5  b6  29. Re1
Bd7  30. Rxe5  Rf8
31. Bf4  Bh3  32. Re7
f2  33. Rh7+  Kg8
1/2-1/2

[Event "Mistrovstvi CR senioru nad 50 let"]
[Site "Rychnov nad Kneznou"]
[Date "2015.08.23"]
[Round "9.3"]
[White "Elias, Miroslav"]
[Black "Privoznik, Lubos"]
[Result "1-0"]
[WhiteElo "2083"]
[BlackElo "1607"]
[PlyCount "51"]
[EventDate "2015.08.15"]

1. e4 e6 2. d4 d5 3. Nc3 Nf6 4. Bg5 dxe4 5. Nxe4 Be7 6. Bxf6 Bxf6 7. Nf3 Be7 8.
c3 O-O 9. Bd3 Nd7 10. Qc2 h6 11. O-O-O Qe8 12. h4 c5 13. Neg5 g6 14. Ne4 cxd4
15. Nxd4 Nc5 16. Bb5 Bd7 17. Bxd7 Nxd7 18. Qd2 Kg7 19. Nxe6+ fxe6 20. Qxd7 Rf7
21. Qxe6 Rxf2 22. Rd7 Rf7 23. Rhd1 Rc8 24. Kb1 Rc6 25. Qe5+ Kg8 26. Rxb7 1-0

[Event "Mistrovstvi CR senioru nad 50 let"]
[Site "Rychnov nad Kneznou"]
[Date "2015.08.23"]
[Round "9.4"]
[White "Kuru, Martin"]
[Black "Jagiela, Piotr"]
[Result "1/2-1/2"]
[WhiteElo "1935"]
[BlackElo "1696"]
[PlyCount "76"]
[EventDate "2015.08.15"]

1. d4 d6 2. Nf3 f5 3. c4 Nf6 4. Nc3 e6 5. Bg5 Be7 6. Qc2 h6 7. Bxf6 Bxf6 8. e4
fxe4 9. Nxe4 O-O 10. O-O-O Nd7 11. h4 e5 12. d5 Nc5 13. Nxc5 dxc5 14. Bd3 Qd6
15. Qe2 Bd7 16. Qe4 Be8 17. g4 g6 18. h5 Bg7 19. hxg6 Rf4 20. Qe3 Qf6 21. Be4
Bxg6 22. Nd2 Rf8 23. Rdf1 Rxg4 24. Rhg1 Rxg1 25. Rxg1 Bxe4 26. Nxe4 Qf4 27. Kd2
Kh7 28. Ke2 Qxe3+ 29. Kxe3 b6 30. Rd1 h5 31. d6 Bh6+ 32. Ke2 cxd6 33. Rxd6 Kg7
34. Ng3 h4 35. Nh5+ Kh7 36. Nf6+ Kg7 37. Nh5+ Kh7 38. Nf6+ Kg7 1/2-1/2

[Event "Mistrovstvi CR senioru nad 50 let"]
[Site "Rychnov nad Kneznou"]
[Date "2015.08.23"]
[Round "9.5"]
[White "Humlicek, Vojtech"]
[Black "Vorel, Bohuslav"]
[Result "1-0"]
[WhiteElo "2012"]
[BlackElo "1693"]
[PlyCount "59"]
[EventDate "2015.08.15"]

1. e4 c5 2. Nf3 d6 3. d4 cxd4 4. Nxd4 Nf6 5. f3 g6 6. Be3 Bg7 7. Qd2 O-O 8. Nc3
a6 9. g4 b5 10. h4 h5 11. gxh5 Nxh5 12. O-O-O Bd7 13. Be2 Nc6 14. Nxc6 Bxc6 15.
Rdg1 Kh7 16. Nd5 Bxd5 17. Qxd5 Rc8 18. Qd2 Qc7 19. Bd3 e5 20. Kb1 Rg8 21. Rg2
Qe7 22. Be2 Qf8 23. Rd1 Rd8 24. Qa5 Nf4 25. Rh2 Nxe2 26. Rxe2 Qe7 27. Qxa6 d5
28. exd5 Qxh4 29. Rde1 Rxd5 30. Rc1 1-0

[Event "Mistrovstvi CR senioru nad 50 let"]
[Site "Rychnov nad Kneznou"]
[Date "2015.08.23"]
[Round "9.6"]
[White "Malinovsky, Petr"]
[Black "Dolezal, Rudolf"]
[Result "0-1"]
[WhiteElo "2006"]
[BlackElo "1758"]
[PlyCount "92"]
[EventDate "2015.08.15"]

1. d4 d5 2. c4 Nc6 3. e3 e6 4. Nf3 Nf6 5. b3 b6 6. Bb2 Bb4+ 7. Nbd2 Ne4 8. Bd3
f5 9. O-O O-O 10. Rc1 Ne7 11. a3 Bxd2 12. Nxd2 c6 13. f3 Nxd2 14. Qxd2 Ng6 15.
e4 f4 16. cxd5 cxd5 17. e5 Nh4 18. Kh1 Bd7 19. Rc3 Rc8 20. Rfc1 Qg5 21. Rc7
Rxc7 22. Rxc7 Be8 23. a4 Bh5 24. Qf2 Rf7 25. Rc8+ Rf8 26. Bxh7+ Kxh7 27. Rxf8
Nf5 28. Bc1 Qe7 29. Rc8 Qb4 30. Bxf4 Qxb3 31. g4 Qd1+ 32. Kg2 Bxg4 33. Rc3 Bh5
34. Kh3 Nxd4 35. Rc1 Qd3 36. Qe3 Qf5+ 37. Kg3 Bxf3 38. h3 Qg6+ 39. Bg5 Nf5+ 40.
Kxf3 Nxe3 41. Bxe3 Qe4+ 42. Kf2 Qxe5 43. Rg1 d4 44. Bc1 Qf5+ 45. Ke2 Qc2+ 46.
Kf3 e5 0-1